000 00598nam a22002057a 4500
003 OSt
005 20260703130857.0
008 260703b |||||||| |||| 00| 0 eng d
040 _cChuka University
050 _aPE 1417
_b. B68 2001
100 _aBuscemi Santi
_932965
245 _a75 Readings plus
250 _a8th edition
260 _aBoston
_bMcGraw Hill
_c2007
300 _aVarious pagings
650 _aCollege Reading
_932966
650 _aEnglish Language-- rhetoric problems , exercises
_930452
650 _aReport writing--- Problems, exercises
_931138
942 _2lcc
_cSL
_n0
999 _c26096
_d26096